Tilastot visalle Valtioiden entiset nimet

Klikkaa tästä pelataksesi tätä visaa!

Yleistilastot

  • Tätä visaa on pelattu 47 kertaa
  • Keskiarvotulos 16 / 22

Vastaustilastot

% Oikein
BurmaMyanmar
90%
MakedoniaPohjois-Makedonia
90%
PersiaIran
85%
TransjordaniaJordania
85%
Tanganjika + SansibarTansania
85%
SiamThaimaa
85%
AbessiniaEtiopia
83%
ZaireKongon demokraattinen tasavalta
83%
Osmanien valtakuntaTurkki
83%
Itä-PakistanBangladesh
76%
Brittiläinen GuayanaGuyana
76%
Kamputsea
Kambodža
76%
CeylonSri Lanka
71%
Brittiläinen KultarannikkoGhana
68%
Länsi-SamoaSamoa
68%
Ranskan SomalimaaDjibouti
66%
SwazimaaeSwatini
66%
Pohjois-RhodesiaSambia
66%
Ylä-VoltaBurkina Faso
61%
Yhdistynyt arabitasavaltaEgypti
54%
BetšuanamaaBotswana
44%
DahomeyBenin
41%

Tulosjakauma

Persentiili vastausten määrän mukaan

Jokaisen tuloksen saaneiden osuus

Tuloshistoriasi

Et ole pelannut tätä visaa